Homosexualitet : ett bidrag till en bibliografi över homosexualitet och homosexuella i litteraturen 1976-1985 /

Đã lưu trong:
Chi tiết về thư mục
Tác giả chính: Friden, Eric (Tác giả)
Định dạng: Sách
Ngôn ngữ:Tiếng Thụy Điển
Được phát hành: BORAS : Hogskolan, 1990
Loạt:Specialarbete ; 11
Các nhãn: Thêm thẻ
Không có thẻ, Là người đầu tiên thẻ bản ghi này!

MARC

LEADER 00000nam a22000007i 4500
001 IT\ICCU\UBO\3656521
003 ItRI
005 20260115232247.0
008 090625s1990 sw |||||| ||||| |||||c
040 |b ita  |c importazione bologna sebina 
041 7 |a swe  |2 ISO-639-2 
100 1 |a Friden, Eric  |0 IT\ICCU\UBOV\344928  |4 aut 
245 1 0 |a Homosexualitet :  |b ett bidrag till en bibliografi över homosexualitet och homosexuella i litteraturen 1976-1985 /  |c sammanställd av Eric Fridén. 
260 |a BORAS :  |b Hogskolan,  |c 1990 
300 |a [4] p., vii-xiii, 263 p. 
500 |a 1990  |9 IT\ICCU\UBO\3656546 
830 0 |a Specialarbete ;  |v 11  |0 IT\ICCU\UBO\3656546 
942 |2 ddc  |c BK  |n 0 
952 |0 0  |1 0  |4 0  |6 DOC_016_306000000000000_FRI  |7 0  |9 23163  |a BO  |b BO  |d 2026-01-15  |i 2357  |l 0  |o DOC 016.306 FRI  |p BO2357  |r 2026-01-15 23:22:47  |w 2026-01-15  |x [Sebina 7] [1 v.]  |y BK  |z 1 v. 
999 |c 19751  |d 19751